| 000 | 00781nac a22002417a 4500 | ||
|---|---|---|---|
| 001 | BR9704703 | ||
| 003 | BR-BrBNA | ||
| 005 | 20240105121944.0 | ||
| 008 | 230509b bl.|||m| |||| 00| 0 por d | ||
| 040 |
_aBR-BrBNA _bpor _cBiblioteca Nacional de Agricultura |
||
| 072 | _aP31 | ||
| 090 | _aP31 BR9704703 | ||
| 100 | 1 | _aRamos, J.B. | |
| 110 | 1 |
_aMinisterio da Agricultura, Rio de Janeiro, GB (Brasil). Servico de Documentacao _96967 |
|
| 245 | 1 | _aComentarios sobre topografia agricola | |
| 260 | 3 |
_aRio de Janeiro, GB (Brasil): _c1946. |
|
| 300 | _a19 p. | ||
| 490 |
_aS.D.A. - Ministerio da Agricultura. Servico de Documentacao (Brazil) _vno. 300 _x |
||
| 650 | _aSolo | ||
| 650 | _aTopografia | ||
| 909 |
_a202312 _bLúcia Elande _c55 _dLúcia Elande |
||
| 942 |
_2AGRIS _n0 _cMS |
||
| 999 |
_c288408 _d288408 |
||